| 000 | 01150nam a2200313 a 4500 | ||
|---|---|---|---|
| 001 | 000113675 | ||
| 003 | CHAP | ||
| 005 | 20220329144407.0 | ||
| 008 | 170906s2017 mx a fsm |||||||spa d | ||
| 010 | _a110136 | ||
| 011 | _a111108 | ||
| 040 | _cCHAP | ||
| 090 | _aTesis | ||
| 100 | 1 |
_aSimón Guzmán, Adelaida _9133224 |
|
| 245 | 1 | 0 |
_aPropuesta de plan de manejo de residuos sólidos en la comunidad de San Miguel del Progreso, Tlaxiaco, Oaxaca / _h[En línea] _cpor Adelaida Simón Guzmán. |
| 260 |
_aChapingo, Méx. : _bEl autor, _c2017. |
||
| 500 | _aPara ver el contenido del material haga clic en la liga | ||
| 502 | _aTesis (Ing. en Recursos Naturales Renovables) -- UACH. Departamento de Suelos | ||
| 590 |
_aE6096MTM _b05 _c20170906 _lUCH01 _h1322 |
||
| 590 |
_aE6096MTM _b05 _c20170906 _lUCH01 _h1323 |
||
| 650 | 1 | 4 |
_aBasura _xEliminación. _910759 |
| 650 | 1 | 4 |
_aBasura _xReciclaje. _910760 |
| 650 | 1 | 4 |
_aResiduos sólidos _xControl. _9132274 |
| 650 | 1 | 4 |
_aResiduos sólidos _xImpacto ambiental. _9132275 |
| 856 |
_aFinding aid _uhttp://10.13.5.2/tesis/sist113675.pdf _zTeclea aquí |
||
| 901 | _aBK | ||
| 942 | _cTESIS | ||
| 942 | _n0 | ||
| 999 |
_c110136 _d110136 |
||